000 00236nam a2200097Ia 4500
008 120527s9999 xx 000 0 und d
100 _aPEARSON, Anne
245 _aFeeding draught cattle in semi-arid areas
260 _bDFID
942 _cBK
999 _c25185
_d25185